|
|
|
|
| LEADER |
00000nkm a2200000 a 4500 |
| 001 |
vtls011784446 |
| 003 |
SK-MaSNL |
| 005 |
20260425233640.0 |
| 007 |
kf bo |
| 008 |
240409s1997 xo g kuslo |
| 035 |
|
|
|a urn:nbn:sk:snk-km00ec9d
|
| 035 |
|
|
|a urn:nbn:sk:snk-km43ewv
|
| 035 |
|
|
|a 199BBD1E-96E5-4450-BFCC-A3CAC27CA325
|
| 040 |
|
|
|a SNK
|b slo
|c SNK
|e AACR2
|
| 041 |
0 |
|
|a slo
|
| 043 |
|
|
|a e-xo---
|
| 044 |
|
|
|a xo
|c SK
|
| 072 |
|
7 |
|a 394
|x Verejný a spoločenský život. Každodenný život
|2 konspekt
|
| 080 |
|
|
|a 394.46
|2 2011
|
| 080 |
|
|
|a (084.5)
|2 2011
|
| 245 |
0 |
0 |
|a Ohlas - faksimile dokumentu Slovenskej republiky rád
|b propagačný plagát
|h grafika
|
| 260 |
|
|
|a Bratislava
|c 1919
|
| 300 |
|
|
|a 1 plagát
|b čiernobiely; na bielom podklade text čiernej farby
|c 48 x 32 cm
|
| 648 |
|
7 |
|a 25. marca 1919
|2 SNKPH
|9 499085
|
| 650 |
0 |
7 |
|a retrospektívna tlač
|2 SNKPH
|9 354608
|
| 651 |
|
7 |
|a Slovensko
|2 SNKPH
|9 14231
|
| 655 |
|
7 |
|a plagáty
|2 SNKPH
|9 70571
|
| 852 |
|
|
|a Slovenská národná knižnica v Martine
|
| 958 |
|
|
|a CP
|
| 999 |
|
|
|c 771900
|d 773830
|
| 952 |
|
|
|a SNKLM
|b SNKLM
|y PREZ
|7 0
|p 17A1262101
|o snklm L 1617
|i snklm 84/89
|8 7
|0 0
|1 0
|4 0
|d 2018-10-11
|f 1
|l 0
|r 2026-02-24 00:38:01
|w 2026-02-24
|